000 01628nam a2200409 a 4500
003 BLK
005 20240119094004.0
008 180412b bul|||||r ||||||| ||bul||
010 _aKNG00002356000
020 _a954-494-107-X
040 _aBLK
041 _aBUL
_cBUL
080 _aМетоди на управление. Мениджмънт. Анализи, планиране, ръководство, сътрудничество, контрол, коопериране и др.
_b005.5
_z005.5
100 1 _aЛевит, Тиодор
_eпърви автор
_9244356
139 _aЛевит, Тиодор
_bЛ 35
245 1 0 _aРазмисли за мениджмънта
_cТиодор Левит; прев. от англ. Ангелина Парушева.
257 _aUSA
260 _aСофия
_bУнив. изд. Стопанство
_c1994
300 _a166 с.
_c22 см
380 _a0
490 _aСъвременна икономическа мисъл
500 _aОриг. загл. Thinking about management / Theodore Levitt. - 3 051 тир.
650 4 _aУправление
_9174669
650 4 _aУправленски труд
_9244358
650 4 _aУправленско решение
_9244359
650 4 _aРъководител
_9170062
653 _aмениджмънт
700 1 _aПарушева, Ангелина
_eпрев. от англ.
_9244357
852 _aЦб 178865
_bЦб
856 4 _qpdf
_u
856 4 _qpdf
_u
942 _cKNG
_n0
_01
_s1
944 _aCR
_c15.01.2003
_k30534
_lРадостина Карадакова
944 _aED
_c15.01.2003
999 _c1520
_d1520
999 _d1520
999 _d1520